Zemědělská velkovýroba a životní prostředí v ČSSR

Bibliographic Details
Main Author: Kodl, Jiří (Author)
Format: Article
Language:Czech

MARC

LEADER 00000nab a2200000uu 4500
001 vtls011449778
003 SK-MaSNL
005 20260303151354.0
008 230222|1977 xo |||||||||||||||||cze|
015 |a SNBRB 
035 |a (urnnbn)urn:nbn:sk:snk:ar-006b8q 
035 |a (uuid)f7ce17fc-e930-4167-865c-17f414b9e794 
035 |a urn:nbn:sk:snk-abcm49 
040 |a SNKBUCL  |b slo  |c SNKBUCL  |e AACR2 
041 0 |a cze 
044 |a xo  |c SK 
100 1 |a Kodl, Jiří  |4 aut  |9 1157304 
245 1 0 |a Zemědělská velkovýroba a životní prostředí v ČSSR  |c Jiří Kodl 
773 0 |t Životné prostredie : revue pre teóriu a starostlivosť o životné prostredie  |g Roč. 11, č. 2 (1977), s. 97-99 
958 |a OND 
958 |a EUIPO 
958 |a article16 
999 |c 2017407  |d 2019337